Which South Asian Country… - Statistics

General Stats
  • This quiz has been taken 5 times
  • The average score is 19 of 26
Answer Stats
Hint Answer % Correct
…changed its flag following the Taliban’s takeover in 2021? Afghanistan
100%
…is nicknamed “the graveyard of empires” due to being impossible to conquer? Afghanistan
100%
…saw the Soviet Union fight a ten year war against the mujahideen? Afghanistan
100%
…was once known as East Pakistan? Bangladesh
100%
…is the current home of the Dalai Lama? India
100%
…produces over 2,500 movies annually? India
100%
…is the origin of yoga and chess? India
100%
…was once known as Burma, with a capital once known as Rangoon? Myanmar
100%
…is Mount Everest found in? Nepal
100%
…was once known as Ceylon? Sri Lanka
100%
…was once connected to India via a land bridge? Sri Lanka
100%
…bears a white dragon on its flag? Bhutan
80%
…transitioned from an absolute monarchy to a constitutional monarchy in 2008? Bhutan
80%
…practices archery as its national sport? Bhutan
80%
…is the world’s lowest country by sea level? Maldives
80%
…does the Ganges River flow into the Bay of Bengal in? Bangladesh
60%
…is the origin of the Gross National Happiness Index? Bhutan
60%
…was the world’s only diamond source until 1896? India
60%
…has the most practicing Shia muslims in the world? Iran
60%
…was the birthplace of Buddha? Nepal
60%
…does the majority of the Indus river flow through? Pakistan
60%
…was Osama bin Laden hunted down by Seal Team 6 in? Pakistan
60%
…is the origin of cinnamon? Sri Lanka
40%
…was the ancient city of Persepolis found in? Iran
20%
…is the largest producer of opium in the world? Myanmar
0%
…did a variant of polo where elephants are ridden originate? Nepal
0%
No matching quizzes found
Score Distribution
Percent of People with Each Score
Percentile by Number Answered
Your Score History
You have not taken this quiz